书目信息 |
| 题名: |
Maple 指南
|
|
| 作者: | 恩里克 著 ;唐兢 , 李静 译 | |
| 分册: | ||
| 出版信息: | 北京 高等教育出版社 2000.6 |
|
| 页数: | 308页 | |
| 开本: | 20cm | |
| 丛书名: | ||
| 单 册: | ||
| 中图分类: | O245 | |
| 科图分类: | ||
| 主题词: | Maple语言--软件 | |
| 电子资源: | ||
| ISBN: | 7-04-008695-6 | |
| 000 | 00669nam0 2200217 45 | |
| 001 | 0201221684 | |
| 005 | 20031219104052.8 | |
| 010 | @a7-04-008695-6@dCNY22.00 | |
| 100 | @a20020122d2000 km y0chiy0120 ea | |
| 101 | 0 | @achi |
| 105 | @a z 000yy | |
| 200 | 1 | @aMaple 指南@AMaple Zhi Nan@f(荷兰)恩里克(Ernic,K.)著@F(He Lan)En Li Ke(Ernic,K.)Zhu@g唐兢,李静译 |
| 210 | @a北京@c高等教育出版社@a海德堡@c施普林格出版社@d2000.6 | |
| 215 | @a308页@d20cm | |
| 606 | 0 | @aMaple语言@x软件 |
| 690 | @aO245@v4 | |
| 701 | 0 | @a恩里克@bErnic,K.@4著 |
| 702 | 0 | @a唐兢@ATang Jing@4译 |
| 702 | 0 | @a李静@ALi Jing@4译 |
| 801 | @aCN@bTSTC@c20020122 | |
| 905 | @b304216-225@dO245@e13@f10 | |
| Maple 指南/(荷兰)恩里克(Ernic,K.)著/唐兢,李静译.-北京:高等教育出版社;海德堡:施普林格出版社,2000.6 |
| 308页;20cm |
| ISBN 7-04-008695-6:CNY22.00 |
| ● |
| 相关链接 |
|
|
|
|
正题名:Maple 指南
索取号:O245/13
 
预约/预借
| 序号 | 登录号 | 条形码 | 馆藏地/架位号 | 状态 | 备注 |
| 1 | 0304216 | 203042162 | 第三借阅区/ [索取号:O245/13] | 在馆 | |
| 2 | 0304217 | 203042171 | 第三借阅区/ [索取号:O245/13] | 在馆 | |
| 3 | 0304218 | 203042180 | 第三借阅区/ [索取号:O245/13] | 在馆 | |
| 4 | 0304219 | 203042199 | 第三借阅区/ [索取号:O245/13] | 在馆 | |
| 5 | 0304220 | 203042206 | 第三借阅区/ [索取号:O245/13] | 在馆 | |
| 6 | 0304221 | 203042215 | 第三借阅区/ [索取号:O245/13] | 在馆 | |
| 7 | 0304222 | 203042224 | 第三借阅区/ [索取号:O245/13] | 在馆 | |
| 8 | 0304223 | 203042233 | 第三借阅区/ [索取号:O245/13] | 在馆 | |
| 9 | 0304224 | 203042242 | 第三借阅区/ [索取号:O245/13] | 在馆 | |
| 10 | 0304225 | 203042251 | 第二样本阅览室/ [索取号:O245/13] | 在馆 |